España : república de trabajadores /
Gardado en:
| Autor Principal: | |
|---|---|
| Formato: | Libro |
| Idioma: | Lingua castelá |
| Publicado: |
Barcelona, España :
Crítica,
1976, c1976
|
| Series: | (Temas Hispánicos ;
1) |
| Temas: | |
| Etiquetas: |
Sen Etiquetas, Sexa o primeiro en etiquetar este rexistro!
|
MARC
| LEADER | 00000nam^a2200000^a^4500 | ||
|---|---|---|---|
| 001 | 000184470 | ||
| 005 | 20250521000000.0 | ||
| 009 | 20260310102116.06 | ||
| 020 | |a 84-7423-000-4 | ||
| 037 | |a Acervo ITESO - Biblioteca | ||
| 041 | |a ESP | ||
| 082 | |a 320. 94308 |b EHR | ||
| 100 | |a Ehrenburg, Iliá Grigórievich |e (autor) | ||
| 245 | 1 | 0 | |a España : |b república de trabajadores / |c I.G. Ehrenburg ; tr. por N. Lebedef. |
| 264 | 4 | |a Barcelona, España : |b Crítica, |c 1976, c1976 | |
| 300 | |a 179 p. | ||
| 336 | |a texto |b txt |2 rdacontenido | ||
| 337 | |a sin mediación |b n |2 rdamedio | ||
| 338 | |a volumen |b nc |2 rdasoporte | ||
| 440 | 1 | |a (Temas Hispánicos ; |v 1) | |
| 545 | 0 | |a Iliá Grigórievich Ehrenburg (1891-1967), escritor ruso de origen judío. Nació en Kiev, a los 16 años se refugió en París para huir del proceso en el que se le imputaban actividades revolucionarias. En 1917 se declaró contrario a los bolcheviques y en Ucrania se puso de parte de los blancos. Fue quizás el periodista y hombre de letras soviético más leído de la época estalinista. Pasó largos periodos de su vida en la Europa occidental. Dominó el francés y el español. Entre sus numerosas obras destacan las novelas: Las extraordinarias aventuras de Julio Jurenito (1922); El verano de 1925 (1926); En la calle Protochny (1927); El segundo día (1933); El deshielo (1954), en la que describe el fin del estalinismo; España, república de trabajadores (1932); No pasarán (1936); Guadalajara: una derrota del fascismo (1937), estás tres últimas dan testimonio de la guerra civil española y Gentes, años, vida (1961-64), memorias publicadas por entregas en la revista Novy Mir que tuvo el mérito de romper el silencio sobre personajes y acontecimientos olvidados u ocultados, de la vida cultural soviética durante el período estalinista. | |
| 649 | |a XX | ||
| 650 | |a Cambios Sociales y Culturales - |z España | ||
| 650 | |a Cambios Políticos - |z España | ||
| 650 | |a Política - |z España - |x Historia - |y República, 1931-1939 - |x Tema Principal | ||
| 650 | |a Política - |z España - |x Historia - |y Siglo XX | ||
| 650 | |a España - |x Condiciones Políticas | ||
| 910 | |a Fondo General | ||
| 920 | |a Impresos - Libros | ||
| 930 | |a Colección General | ||
| 905 | |a 101 | ||
| 901 | |a 0500125273 |b IT1 |c ACC |u 20250521 | ||
| 902 | |a https://opac.biblio.iteso.mx/vufind/Record/000184470 | ||